Регионална библиотека "Любен Каравелов" - Русе

Парижката Света Богородица (Запис номер 174786)

MARC детайли
000 -Лидер
Контролно поле с фиксирана дължина 01541nam a2200337 c 4500
003 - Код на организацията, давaща контролен номер
Контролно поле BLK
005 - Дата и час на последна редакция
Контролно поле 20190419113529.0
008 - Елементи от данни с фиксирана дължина
fixed length control field 180411b bul|||||r ||||||| ||bul||
010 ## - Наследен системен номер
LC control number KNG00183289000
040 ## - Източник на каталожния запис
Идентификатор на билиотеката - собственик на записа BLK
041 ## - Код за език
Код за езика на текст/звукозапис или на отделно заглавие Български
Код за езика КДБФ Български
080 ## - УДК
Текстов определител УДК Френска литература
УДК код - определител по УДК 821.133.1
УДК определител -31
УДК - код + определител 821.133.1-31
100 1# - Редна дума - Автор
Автор Юго, Виктор
Авторска отговорност първи автор
R(LIN) 366073
139 ## - Редно поле
Редна дума Юго, Виктор
Авторски знак Юг - Ю 13
245 10 - Сведения за заглавието
Заглавие Парижката Света Богородица
Подзаглавни данни Роман
Редно поле (дума) Виктор Юго; прев. от фр. Лилия Стоянова Сталева; прев. на стиховете Пенчо Стефанов Симов; с послесл. от Людмила Стефанова.
257 ## - Страна на издаване
Страна на създаване/издаване Франция
260 ## - Област на издателските данни
-- София
Име на издателя, разпространителя и проч. Отечество
Година на издаване 1987
300 ## - Физическа характеристика
Страници 511 с.
Илюстрации и др. с портр.
Размери/Мащаб 21 см
380 ## - Жанр
Жанр Худож. лит.
490 1# - СЕРИИ (Колекции)
Име на серия Библиотека за ученика
500 ## - Общи забележки
Забележка Ориг. загл. Notre Dame de Paris. - 1. изд. [1926] на изд. Право. - 170 117 тир.
653 ## - Ключова дума – ненормативна
Ключова дума романи
700 1# - Други автори (авторска отговорност)
Лично име Сталева, Лилия Стоянова
Автороска отговорност (Описва отношението между автора и произведението) прев. от фр.
9 (RLIN) 364497
700 1# - Други автори (авторска отговорност)
Лично име Симов, Пенчо Стефанов
Автороска отговорност (Описва отношението между автора и произведението) прев. на стиховете
9 (RLIN) 377430
700 1# - Други автори (авторска отговорност)
Лично име Стефанова, Людмила
Автороска отговорност (Описва отношението между автора и произведението) с послесл. от
Друга информация Йомтова, Людмила Стефанова
9 (RLIN) 368285
852 ## - Местоположение
Форматна сигнатура Цб 146788
856 4# - Електронен адрес и достъп
Електронен формат pdf - файл
Път до файла /url/
856 4# - Електронен адрес и достъп
Електронен формат pdf - файл
Път до файла /url/
942 ## - АРТИКУЛИ
Вид на библиотечния материал Книги
Скрит в OPAC Не
Koha issues (borrowed), all copies 1
944 ## - СЪЗДАВАНЕ И РЕДАКЦИЯ на ЗАПИСА
Създаване/Редакция Създаване
Дата на регистрацията/редакция 06.10.2015
Служител, извършил регистрацията/редакцията Кети_Илиева
944 ## - СЪЗДАВАНЕ И РЕДАКЦИЯ на ЗАПИСА
Създаване/Редакция Редакция
Дата на регистрацията/редакция 06.10.2015
Служител, извършил регистрацията/редакцията Кети_Илиева
999 ## - СИСТЕМНИ КОНТРОЛНИ НОМЕРА
Koha biblionumber 174786
Koha biblioitemnumber 174786
Наличности
Код за отписване Код за изгубен артикул Източник на класификационната схема Код за повреда Коз за рестрикции Код за отдаване Артикулен № Име на библиотеката - собственик Име на библиотеката, в която се намира в момента Статус (Текущо местоположение) Дата на вписване в системата Местоположение - отдел Цена в лева Инвентарен номер Систематично азбучна сигнатура Баркод Номер на екземпляра Цена в евро Служебна бележка Служебен тип на артикула Бележка за публиката
  Не е изгубен Universal Decimal Classification Не е повреден без рестрикции ползва се в читалня 300633 Регионална библиотека "Любен Каравелов" Русе Регионална библиотека "Любен Каравелов" Русе Хранилище 1987-01-01 Хранилище 1.34 473462 Цб 146788 120000473462 1 0.69 Вид: Сф Дата: 01.01.1987 Книги  
Изтеглен Не е изгубен Universal Decimal Classification Не е повреден без рестрикции заемане за дома 300634 Регионална библиотека "Любен Каравелов" Русе Регионална библиотека "Любен Каравелов" Русе Заемна - подръчен фонд 1987-01-01 Заемна - подръчен фонд 1.34 474424 П 840-31/Ю 13 474424 2 0.69 Вид: Сф Дата: 01.01.1987 Книги  
Изтеглен Не е изгубен Universal Decimal Classification Не е повреден без рестрикции заемане за дома 300635 Регионална библиотека "Любен Каравелов" Русе Регионална библиотека "Любен Каравелов" Русе Заемна - подръчен фонд 1987-01-01 Заемна - подръчен фонд 1.34 474425 П 840-31/Ю 13 474425 3 0.69 Вид: Сф Дата: 01.01.1987 Книги  
Изтеглен Не е изгубен Universal Decimal Classification Не е повреден без рестрикции заемане за дома 300636 Регионална библиотека "Любен Каравелов" Русе Регионална библиотека "Любен Каравелов" Русе Заемна - подръчен фонд 1987-01-01 Заемна - подръчен фонд 1.34 474426 П 840-31/Ю 13 474426 4 0.69 Вид: Сф Дата: 01.01.1987 Дата инв: 12.02.2018 Бележки инв: П2018 Книги  
Изтеглен Не е изгубен Universal Decimal Classification Не е повреден без рестрикции заемане за дома 300637 Регионална библиотека "Любен Каравелов" Русе Регионална библиотека "Любен Каравелов" Русе Детски отдел 1987-01-01 Детски отдел 1.34 474430 ДХ 820/899/Ю 13 474430 5 0.69 Вид: Сф Дата: 01.01.1987 Дата инв: 07.10.2015 Бележки инв: Д2015 Книги  
Изтеглен Не е изгубен   Не е повреден без рестрикции заемане за дома 300638 Регионална библиотека "Любен Каравелов" Русе Регионална библиотека "Любен Каравелов" Русе   1987-01-01 Детски отдел 1.34 474432 ДХ 820/899/Ю 13 474432 6 0.69 Вид: Сф Дата: 01.01.1987 Дата инв: 07.10.2015 Бележки инв: Д2015 Книги Отч.N: 42/17 , Дата: 08.09.2017
Изтеглен Не е изгубен   Не е повреден без рестрикции заемане за дома 300639 Регионална библиотека "Любен Каравелов" Русе Регионална библиотека "Любен Каравелов" Русе   1987-01-01 Детски отдел 3.00 641465 ДХ 820/899/Ю 13 641465 7 1.53 Вид: Сф Дата: 01.01.1987 Дата инв: 07.10.2015 Бележки инв: Д2015 Книги Отч.N: 48/17 , Дата: 06.10.2017
Vip Innovations Ltd, Rousse, Bulgaria 2025